ბათუმის შოთა რუსთაველის სახელმწიფო უნივერსიტეტის ბიბლიოთეკა

მათმატიკა. ნ.2 გეომეტრია (ბიბ.ჩანაწერი № 35885)

000 -LEADER
fixed length control field 00914nam a2200265Ia 4500
001 - CONTROL NUMBER
control field 1777
003 - CONTROL NUMBER IDENTIFIER
control field GE_BSU
008 - FIXED-LENGTH DATA ELEMENTS--GENERAL INFORMATION
fixed length control field 181216s||||||||xx |||||||||||||| ||und||
020 ## - INTERNATIONAL STANDARD BOOK NUMBER
International Standard Book Number 97899411720
040 ## - CATALOGING SOURCE
Transcribing agency GE_BSU
080 ## - UNIVERSAL DECIMAL CLASSIFICATION NUMBER
Universal Decimal Classification number 514(075.8)
100 ## - MAIN ENTRY--PERSONAL NAME
Personal name თოფურია, ს დ ასხვ.
245 ## - TITLE STATEMENT
Title მათმატიკა. ნ.2 გეომეტრია
245 ## - TITLE STATEMENT
Remainder of title (თეორია და ამოცანათა კრებული)
245 ## - TITLE STATEMENT
Statement of responsibility, etc. რედ.ს. თოფურია
250 ## - EDITION STATEMENT
Edition statement მე–5 გადამ. გამოც
260 ## - PUBLICATION, DISTRIBUTION, ETC.
Place of publication, distribution, etc. თბილისი
260 ## - PUBLICATION, DISTRIBUTION, ETC.
Name of publisher, distributor, etc. ტექნიკური უნ–ტი
260 ## - PUBLICATION, DISTRIBUTION, ETC.
Date of publication, distribution, etc. 2009
300 ## - PHYSICAL DESCRIPTION
Extent 319 გვ. 20 სმ.
653 ## - INDEX TERM--UNCONTROLLED
Uncontrolled term ამოცანაღა კრებული
653 ## - INDEX TERM--UNCONTROLLED
Uncontrolled term მათემატიკა; გეომეტრია;
942 ## - ADDED ENTRY ELEMENTS (KOHA)
Koha item type წიგნი
ეგზემპლარები
Withdrawn status Lost status Damaged status Not for loan Date acquired Barcode Date last seen Price effective from Koha item type Public note
        2018-12-17 3577 2018-12-17 2018-12-17 წიგნი დარბაზი